Los organizadores del desarrollo psicomotor: del mecanismo a la psicomotricidad operativa

Uloženo v:
Podrobná bibliografie
Hlavní autor: Hebe Chokler, Myrtha (Autor)
Médium: Kniha
Jazyk:španělština
Vydáno: Buenos Aires Cinco 1988
Témata:
Tagy: Přidat tag
Žádné tagy, Buďte první, kdo vytvoří štítek k tomuto záznamu!

MARC

LEADER 00000nam a2200000 a 4500
001 UCW6736
003 CL-VaPUC
008 920504e19880000AG |||||||||||||||||spa|d
082 0 4 |a 155.412  |b HEB  |2 21 
100 0 |a Hebe Chokler, Myrtha  |e author  |9 311804 
245 1 4 |a Los organizadores del desarrollo psicomotor: del mecanismo a la psicomotricidad operativa 
300 |a 218 p 
942 |c BK 
945 |d 19920504 00:00:00 
260 |a Buenos Aires  |b Cinco  |c 1988 
650 0 |a Aptitud motora   |x Niños  |9 307455 
650 7 |a TEST DE DESARROLLO PSICOMOTOR  |2 CL-VaPUC  |9 308378 
583 |a last modification  |c 19920504 00:00:00  |k Rodrigo Vera 
999 |c 219698  |d 219696 
952 |0 0  |1 0  |4 0  |6 155_412000000000000_HEB_1988  |7 0  |8 R  |9 210925  |a BIBEDU  |b BIBEDU  |c MCIRC  |d 2019-11-15  |i 2791544  |l 1  |o 155.412 HEB 1988  |p 2791544  |r 2023-01-13  |s 2022-06-22  |w 2019-11-15  |y BK_R  |k EDU